Vietnam's economic renovation and foreign economic policies

Gardado en:
Detalles Bibliográficos
Autor Principal: Institute of World Economy
Formato: Libro
Idioma:Undetermined
Publicado: Hà Nội Social Sciences Publishing House 1995
Những chủ đề:
Các nhãn: Engadir etiqueta
Sen Etiquetas, Sexa o primeiro en etiquetar este rexistro!
Thư viện lưu trữ: Trung tâm Học liệu Trường Đại học Cần Thơ
LEADER 00566nam a2200181Ia 4500
001 CTU_20747
008 210402s9999 xx 000 0 und d
082 |a 337.9597 
082 |b I.61 
100 |a Institute of World Economy 
245 0 |a Vietnam's economic renovation and foreign economic policies 
245 0 |c Institute of World Economy 
260 |a Hà Nội 
260 |b Social Sciences Publishing House 
260 |c 1995 
650 |a vietnam - economic conditions 
904 |i Minh, 971226 
980 |a Trung tâm Học liệu Trường Đại học Cần Thơ